000 01133nam a2200337 a 4500
003 AR-BaBNM
005 20251128210755.0
008 082120s2002 ||||||||||||||000 | spa||
040 _cAR-BaBNM
100 1 _aDurán de la Fuente, Hernán
245 0 0 _aLos residuos sólidos urbanos y su impacto en el medio ambiente
_bguía didáctica para la gestión de los residuos sólidos domésticos e industriales
260 _aSantiago
_bMinisterio de Educación
_c2000
300 _a65 p.
_bil., tablas
500 _aContiene referencias bibliográficas y glosario
650 4 _aEDUCACION AMBIENTAL
650 4 _aACTIVIDADES DE APRENDIZAJE
650 4 _aDESECHOS
650 4 _aCONTAMINACION
650 4 _aMEDIO AMBIENTE
650 4 _aGESTION AMBIENTAL
650 4 _aENSEÑANZA TECNICA
650 4 _aFORMACION PROFESIONAL
651 4 _aChile
653 _aEDUCACION SECUNDARIA
653 _aUNIDADES DIDACTICAS
700 1 _aGallardo, Rodrigo
710 2 _aGestión de la Calidad Ambiental [Chile]
710 1 _aChile
_bMinisterio de Educación
_bPrograma de Educación Ambiental
942 _cBK
998 _cRaquel
999 _c16847
_d16847